000 01100nmm a2200313 a 4500
001 ocm0002146911
003 TR-IsHL
005 20201028183740.0
008 181215s2017 tu tur
007 cr cn
020 _a9786059641340
035 _a2146911
_b(N$T)
050 0 4 _aPG3367.T8
_bC5 2017
090 0 4 _aPG3367.T8
_bC5 2017
100 1 _aTolstoy, Lev Nikolayeviç
245 1 0 _aİnsan ne ile yaşar?
_h[electronic resource] /
_cLev Nikolayeviç Tolstoy ; çeviren Muhsin Altıntop ; editör Talha Yağcı
250 _a1. Baskı
260 _aİstanbul :
_bAspendos Yayıncılık,
_c2017
300 _a78 p.
500 _aÖzgün adı : Чем Люди Живы?
_xÖzgün adı : Chem liudi zhivy
650 4 _aDil ve Edebiyat
650 4 _aLanguage and Literature
650 0 _aRus romanı
650 0 _aRussian fiction
650 7 _aLITERARY COLLECTIONS / Russian & Former Soviet Union
_2bisacsh
700 1 _aAltıntop, Muhsin
700 1 _aYağcı, Talha
856 4 0 _uhttp://search.ebscohost.com/login.aspx?direct=true&scope=site&db=e011xww&AN=2146911
999 _c20681
_d20681